| 000 | 01266nam a22002057a 4500 | ||
|---|---|---|---|
| 999 |
_c9509 _d9509 |
||
| 003 | AR-CdUCM | ||
| 008 | 190328b ||||| |||| 00| 0 spa d | ||
| 040 |
_aMUNICIPALIDAD PROVINCIAL DEL CUSCO _cBIBLIOTECA MUNICIPAL DEL CUSCO |
||
| 041 | _hita | ||
| 082 |
_a909 / _bC25 / 1875 |
||
| 100 |
_aCantú, César _918527 |
||
| 245 | _aHistoria universal / | ||
| 260 |
_aParís : _bLibrería de Garnier hermanos, _c1875. |
||
| 300 |
_atomos ; _bilustraciones a color y b/n ; _c27 cm. |
||
| 500 | _a"Traducida del italiano conforme á la última edicion de Turin. Única edicion española completa, aprobada por el auctor, hecha á; su vista y con su cooperacion. Ilustrada con láminas, retratos y mapas" | ||
| 505 | _aContenido : t.4: Los municipios - Caida del imperio de oriente -- Los descubrimientos -- t.1: Creacion y dispersion de los hombres -- aclaraciones -- persia -- politica exterior -- guerras punicas -- t.2: Guerras civiles, aclaraciones al libro V, desde cristo a constantino -- t.3: los barbaros, Mahoma, desde Carlo Magno hasta las Cruzadas -- t.5: el siglo décimosexto, el siglo décimosétimo -- t.6: concecuencias de la paz en Utrecht, anamblea naciona... | ||
| 650 |
_aHistoria universal _91423 |
||
| 942 |
_2ddc _cLIBROS |
||
| 945 |
_awfj _d2019-04-16 |
||